| 000 | 00934cam a2200205 4500 | ||
|---|---|---|---|
| 001 | WS121980 | ||
| 008 | 030414n 000 0 eng u | ||
| 035 | _a(Sirsi) u121980 | ||
| 110 |
_aHistorical Manuscripts Commission _94434 |
||
| 245 | _aHistorical Manuscripts Commission | ||
| 520 | _aWeb site for the UK's central advisory body on archives and manuscripts relating to British history. Includes the searchable National Register of Archives and Manorial Documents Register and access to Archon, the online information gateway for archivists. Also links to 'Archives in Focus', the education and lifelong learning web site. | ||
| 650 | _aARCHIVES | ||
| 650 | _aORGANISATION | ||
| 650 | _aMANUSCRIPTS | ||
| 650 | _aMANORIAL DOCUMENTS | ||
| 650 | _aCAREERS, EDUCATION AND TRAINING | ||
| 690 |
_aArts and antiques _96217 |
||
| 856 | 4 | 0 |
_uhttps://www.hmc.gov.uk _zView the website free of charge at www.hmc.gov.uk... |
| 942 | _n0 | ||
| 999 |
_c120262 _d120262 |
||